Statistiques concernant PRINCIPALES CONVENTIONS ET TEXTES MARITIMES PAR DATE

Cliquez ici pour prendre le quiz!

Statistiques générales

  • Ce quiz a été pris 18 fois
  • Le résultat moyen est 8 sur 10

Statistiques - réponses

HintRéponse% Correct
1973MARPOL : Convention internationale pour la prévention de la pollution par les navires
100%
1974SOLAS : Safety Of Life At Sea
100%
2001ISPS : Code international pour la sûreté des navires et des installations portuaires
89%
1989Salvage Convention de Londres
89%
1978STCW : Convention internationale sur les normes de formation des gens de mer, de délivrance des brevets et de veille
89%
1924Convention de Bruxelles : Pour l'unification de certaines règles en matière de connaissement
78%
1982Convention de Montego Bay
78%
2006MLC : Convention du travail maritime
78%
1972RIPAM : Règlement International pour prévenir les Abordages en Mer
67%
1979SAR : Search And Rescue
56%

Distribution des résultats

Percentile par nombre de réponses

% des personnes avec chaque résultat

Votre développement - résultats

Vous n’avez pas pris ce quiz